Anita e a lição de desenho (Registo nº 4018)

Detalhes MARC
000 -Etiqueta do registo
Cabeçalho 00635cam a2200217 4500
005 - Identificador da versão
Campo de controlo 20240813122050.0
010 ## - Número internacional normalizado dos livros (ISBN)
Número (ISBN) 9722221779
021 ## - Número do Depósito Legal
Código do país PT
Número 206108/04
100 ## - Dados gerais de processamento
Dados gerais de processamento 20161111d2004 cd y0pory50030103ba
102 ## - Pais de publicação ou produção
País de publicação Portugal
101 1# - Língua de publicação
Língua do texto, banda sonora, etc. Português
Língua do documento no original Francês
215 ## - Descrição física 
Indicação específica da natureza do documento e extensão da espécie 20, [2] p.
Outras indicações físicas il. color
200 1# - Titulo e menção de responsabilidade
Título próprio Anita e a lição de desenho
Primeira menção de responsabilidade texto de Gilbert Delahaye
Outras menções de responsabilidade il. Marcel Marlier
225 1# - Colecção 
Título próprio da colecção Verbo Infantil
-- Anita
Indicação de volume 40
210 ## - Publicação, Distribuição, etc. 
Lugar da edição, distribuição, etc. Lisboa
Nome do editor, distribuidor, etc. Verbo
Data da publicação, distribuição, etc. D.L. 2004
606 ## - Nome comum usado como assunto
Número de registo de entrada de autoridade 0001472
Palavra de ordem Literatura belga em língua francesa
Subdivisão de assunto Conto
Código do sistema CA
675 ## - Classificação Decimal Universal (CDU)
Notação 821.133.1(493)-34
Edição 3ª ed.
Língua da edição por
942 ## - Elementos de entrada adicionados (Koha)
Tipo de item no Koha Livro
Exemplares
Situação do levantamento Origin of item (home branch) (coded) Biblioteca de empréstimo Código de barras Cota Circulation type (not for loan) Tipo de documento Nota do exemplar Damaged status
  Biblioteca Escolar das Vendas Biblioteca Escolar das Vendas BEV2148 8EST ANI   Livro Sem mensagem